00795cam a22002293a 450000100060000000300060000600500170001200800410002904000150007004200070008505000070009224501740009926000290027350600300030251600200033265300240035265300520037665300290042870000370045783000290049485600420052320903PGUSA20140828083438.0070325s2007||||xxu|||||s|||||000 | eng d aPGUSAbeng adc 4aSB10aNorthern Nut Growers Association Report of the Proceedings at the Twenty-Fifth Annual Meeting :bBattle Creek, Michigan, September 10 and 11, 1934h[electronic resource] bProject Gutenberg,c2007 aPublic domain in the USA. aElectronic text aNuts -- Periodicals aNorthern Nut Growers Association -- Periodicals aNut trees -- Periodicals1 aNorthern Nut Growers Association 0aProject Gutenbergv2090340uhttp://www.gutenberg.org/ebooks/20903